I. Karvaš porovnal kolektivizmus a individualizmus

Uložené v:
Podrobná bibliografia
Hlavný autor: Bačišin, Vladimír
Ďalší autori: Lennerová, Ivana, 1979-
Médium: Kapitola
Jazyk:Slovak
Predmet:
Tagy: Pridať tag
Žiadne tagy, Buďte prvý, kto otaguje tento záznam!

MARC

LEADER 00000naa a2200000 4500
001 0289780
005 20240502074437.3
041 0 |a slo 
044 |a SK 
245 1 0 |a I. Karvaš porovnal kolektivizmus a individualizmus  |c Vladimír Bačišin, Ivana Lennerová 
610 2 0 |a história 
610 2 0 |a životopisy 
610 2 0 |a hospodárstvo národné 
100 1 |a Bačišin, Vladimír 
700 1 |a Lennerová, Ivana, 1979-